Loading...
Science - Chemistry | 0 | 8 | 1 | 1 | 75 | 67 | 98.88 | 6 | 8 |
Science - Other Science | 0 | 7 | 2 | 0 | 60 | 71 | 91.71 | 4 | 7 |
Science - Physics | 0 | 7 | 2 | 0 | 60 | 54 | 80.71 | 6 | 7 |
Social Science | 0 | 4 | 0 | 1 | 40 | 84 | 110.25 | 2 | 4 |
Science - Biology | 0 | 5 | 3 | 0 | 35 | 28 | 64.20 | 4 | 5 |
Mythology | 0 | 2 | 2 | 0 | 10 | 101 | 103.00 | 1 | 1 |
Fine Arts - Other Fine Arts | 0 | 1 | 0 | 0 | 10 | 109 | 109.00 | 0 | 1 |
Philosophy | 0 | 1 | 0 | 0 | 10 | 66 | 66.00 | 1 | 1 |
Fine Arts - Painting and Sculpture | 0 | 1 | 0 | 0 | 10 | 104 | 104.00 | 1 | 1 |
History - European History | 0 | 1 | 0 | 0 | 10 | 151 | 151.00 | 0 | 1 |
History - World History | 0 | 1 | 0 | 0 | 10 | 88 | 88.00 | 0 | 1 |
Literature - World Literature | 0 | 1 | 0 | 0 | 10 | 59 | 59.00 | 0 | 1 |
Religion | 0 | 1 | 3 | 1 | -5 | 133 | 133.00 | 0 | 0 |